[Event "MARIENBAD OPEN 2020 - A, B - closed tournaments"]
[Site "?"]
[Date "2020.01.24"]
[Round "8"]
[White "Tancsa, Tamas"]
[Black "Vetokhin, Savva"]
[Result "0-1"]
[BlackElo "2113"]
[WhiteElo "2193"]
[LiveChessVersion "1.4.8"]

1. e4 {[%clk 1:30:31]} c5 {[%clk 1:30:55]} 2. Nf3 {[%clk 1:30:05]} d6
{[%clk 1:31:18]} 3. d4 {[%clk 1:30:27]} cxd4 {[%clk 1:31:42]} 4. Nxd4
{[%clk 1:30:52]} Nf6 {[%clk 1:32:06]} 5. Nc3 {[%clk 1:31:15]} a6 {[%clk 1:32:33]}
6. f3 {[%clk 1:31:34]} e5 {[%clk 1:32:48]} 7. Nb3 {[%clk 1:31:57]} Be7
{[%clk 1:33:09]} 8. Be3 {[%clk 1:32:22]} Be6 {[%clk 1:33:32]} 9. Qd2
{[%clk 1:32:45]} O-O {[%clk 1:34:01]} 10. O-O-O {[%clk 1:33:05]} Nbd7
{[%clk 1:34:24]} 11. g4 {[%clk 1:32:14]} b5 {[%clk 1:34:49]} 12. Rg1
{[%clk 1:32:22]} Nb6 {[%clk 1:32:18]} 13. Qf2 {[%clk 1:30:12]} Nc4
{[%clk 1:28:14]} 14. Bxc4 {[%clk 1:30:32]} bxc4 {[%clk 1:25:59]} 15. Na5
{[%clk 1:15:00]} Qd7 {[%clk 1:18:37]} 16. g5 {[%clk 1:11:47]} Nh5
{[%clk 1:17:59]} 17. Nd5 {[%clk 1:04:15]} Bxd5 {[%clk 1:16:36]} 18. exd5
{[%clk 1:01:46]} Rac8 {[%clk 1:05:08]} 19. Kb1 {[%clk 0:58:02]} g6
{[%clk 0:55:09]} 20. Nc6 {[%clk 0:55:53]} f5 {[%clk 0:53:02]} 21. f4
{[%clk 0:55:50]} e4 {[%clk 0:52:56]} 22. Bd4 {[%clk 0:52:42]} Rfe8
{[%clk 0:49:35]} 23. Rgf1 {[%clk 0:41:36]} Bf8 {[%clk 0:44:33]} 24. Qe2
{[%clk 0:36:28]} Bg7 {[%clk 0:38:08]} 25. Qxc4 {[%clk 0:25:08]} e3
{[%clk 0:34:35]} 26. Rde1 {[%clk 0:22:16]} Bxd4 {[%clk 0:31:08]} 27. Qxd4
{[%clk 0:22:18]} Re4 {[%clk 0:31:33]} 28. Qc3 {[%clk 0:15:36]} Nxf4
{[%clk 0:31:09]} 29. Rxf4 {[%clk 0:15:46]} Rxf4 {[%clk 0:31:24]} 30. Ne7+
{[%clk 0:16:06]} Qxe7 {[%clk 0:31:49]} 31. Qxc8+ {[%clk 0:16:27]} Kf7
{[%clk 0:30:47]} 32. Qxa6 {[%clk 0:07:36]} e2 {[%clk 0:30:33]} 33. a3
{[%clk 0:05:20]} Re4 {[%clk 0:29:44]} 34. Qd3 {[%clk 0:04:57]} f4
{[%clk 0:28:19]} 35. Qf3 {[%clk 0:04:01]} Qe5 {[%clk 0:28:13]} 36. Qh3
{[%clk 0:04:02]} Kg7 {[%clk 0:20:29]} 37. Qd7+ {[%clk 0:04:14]} Qe7
{[%clk 0:20:53]} 38. Qg4 {[%clk 0:04:20]} h5 {[%clk 0:21:14]} 39. gxh6+
{[%clk 0:04:40]} Kxh6 {[%clk 0:21:39]} 40. Qh3+ {[%clk 0:03:36]} Kg7
{[%clk 0:21:57]} 41. Qg4 {[%clk 0:03:14]} Qe5 {[%clk 0:21:11]} 42. Qd7+
{[%clk 0:28:29]} Kh6 {[%clk 0:51:35]} 43. Qh3+ {[%clk 0:25:28]} Qh5
{[%clk 0:51:36]} 44. Qc8 {[%clk 0:25:44]} Qe5 {[%clk 0:45:42]} 45. Qh3+
{[%clk 0:24:42]} Kg7 {[%clk 0:46:08]} 46. Qd7+ {[%clk 0:25:06]} Qe7
{[%clk 0:46:34]} 47. Qg4 {[%clk 0:25:30]} g5 {[%clk 0:47:04]} 48. h4
{[%clk 0:21:37]} Re3 {[%clk 0:47:33]} 49. hxg5 {[%clk 0:21:42]} f3
{[%clk 0:47:58]} 50. Qh4 {[%clk 0:22:05]} Kg8 {[%clk 0:45:53]} 51. a4
{[%clk 0:12:18]} Qe4 {[%clk 0:44:54]} 52. Qf2 {[%clk 0:10:50]} Qd4
{[%clk 0:42:55]} 53. c3 {[%clk 0:02:17]} Qd1+ {[%clk 0:42:56]} 54. Ka2
{[%clk 0:02:22]} Qxa4+ {[%clk 0:43:20]} 55. Kb1 {[%clk 0:02:49]} Qd1+
{[%clk 0:43:35]} 56. Ka2 {[%clk 0:03:03]} Re4 {[%clk 0:43:45]} 57. b3
{[%clk 0:02:15]} Qxe1 {[%clk 0:43:47]} 58. Qxe1 {[%clk 0:02:19]} f2
{[%clk 0:44:12]} 59. Qxf2 {[%clk 0:01:40]} e1=Q {[%clk 0:44:36]} 60. Qf6
{[%clk 0:01:40]} Qe2+ {[%clk 0:44:08]} 0-1

[Event "MARIENBAD OPEN 2020 - A, B - closed tournaments"]
[Site "?"]
[Date "2020.01.24"]
[Round "8"]
[White "Marszalek, Maciej"]
[Black "Vatsal, Singhania"]
[Result "1/2-1/2"]
[BlackElo "2230"]
[WhiteElo "2314"]
[LiveChessVersion "1.4.8"]

1. d4 {[%clk 1:31:18]} Nf6 {[%clk 1:31:21]} 2. c4 e6 3. g3 {[%clk 1:31:43]} d5
{[%clk 1:31:47]} 4. Nf3 {[%clk 1:32:05]} dxc4 {[%clk 1:32:12]} 5. Bg2
{[%clk 1:31:47]} Nc6 {[%clk 1:32:27]} 6. Qa4 {[%clk 1:27:30]} Bb4+
{[%clk 1:32:51]} 7. Bd2 {[%clk 1:26:58]} Nd5 {[%clk 1:33:11]} 8. Qb5
{[%clk 1:25:31]} Bxd2+ {[%clk 1:32:49]} 9. Nbxd2 {[%clk 1:25:11]} c3
{[%clk 1:33:14]} 10. bxc3 {[%clk 1:24:59]} Nxc3 {[%clk 1:33:39]} 11. Qd3
{[%clk 1:25:17]} Nd5 {[%clk 1:34:01]} 12. O-O {[%clk 1:25:17]} O-O
{[%clk 1:34:18]} 13. Rfc1 {[%clk 1:22:58]} Nde7 {[%clk 1:34:07]} 14. Nc4
{[%clk 1:13:17]} h6 {[%clk 1:31:39]} 15. Rab1 {[%clk 0:59:02]} a5
{[%clk 1:31:26]} 16. e3 {[%clk 0:56:45]} 1/2-1/2

[Event "MARIENBAD OPEN 2020 - A, B - closed tournaments"]
[Site "?"]
[Date "2020.01.24"]
[Round "8"]
[White "Hilwerda, Jonas"]
[Black "Gorbatov, Alexej"]
[Result "0-1"]
[BlackElo "2355"]
[WhiteElo "2230"]
[LiveChessVersion "1.4.8"]

1. e4 {[%clk 1:30:56]} c5 {[%clk 1:30:52]} 2. Nf3 {[%clk 1:31:21]} a6
{[%clk 1:31:19]} 3. c3 {[%clk 1:31:39]} d6 {[%clk 1:30:59]} 4. d4
{[%clk 1:31:13]} Nd7 {[%clk 1:31:22]} 5. Bd3 {[%clk 1:28:18]} Qc7
{[%clk 1:28:41]} 6. a4 {[%clk 1:25:53]} b6 {[%clk 1:28:48]} 7. O-O
{[%clk 1:24:48]} Bb7 {[%clk 1:25:48]} 8. Re1 {[%clk 1:23:38]} e6 {[%clk 1:23:19]}
9. Nbd2 {[%clk 1:23:19]} Ne7 {[%clk 1:18:33]} 10. Nf1 {[%clk 1:20:30]} g6
{[%clk 1:14:31]} 11. Be3 {[%clk 1:12:27]} Bg7 {[%clk 1:14:20]} 12. Qd2
{[%clk 1:12:02]} O-O {[%clk 1:13:40]} 13. Bh6 {[%clk 1:10:59]} c4
{[%clk 1:12:50]} 14. Bc2 {[%clk 1:10:41]} e5 {[%clk 1:13:13]} 15. Ng3
{[%clk 1:05:49]} Rfe8 {[%clk 1:03:45]} 16. Nh4 {[%clk 1:01:53]} Bh8
{[%clk 0:57:16]} 17. f4 {[%clk 0:58:39]} exd4 {[%clk 0:56:21]} 18. cxd4
{[%clk 0:58:42]} Nc6 {[%clk 0:56:10]} 19. Nf3 {[%clk 0:53:55]} b5
{[%clk 0:55:50]} 20. Kh1 {[%clk 0:49:25]} Qa5 {[%clk 0:45:35]} 21. Qf2
{[%clk 0:48:37]} Qb6 {[%clk 0:41:28]} 22. Rad1 {[%clk 0:34:05]} Nb4
{[%clk 0:41:05]} 23. axb5 {[%clk 0:26:51]} axb5 {[%clk 0:39:34]} 24. Bb1
{[%clk 0:26:20]} Ra1 {[%clk 0:36:49]} 25. Qd2 {[%clk 0:24:21]} Rxb1
{[%clk 0:36:43]} 26. Rxb1 {[%clk 0:24:15]} Nd3 {[%clk 0:37:11]} 27. e5
{[%clk 0:18:46]} dxe5 {[%clk 0:35:04]} 28. dxe5 {[%clk 0:14:57]} Nf2+
{[%clk 0:31:16]} 29. Kg1 {[%clk 0:15:26]} Ng4+ {[%clk 0:31:40]} 30. Qd4
{[%clk 0:13:00]} Nxh6 {[%clk 0:31:35]} 31. Qxb6 {[%clk 0:13:10]} Nxb6
{[%clk 0:32:03]} 32. Nd4 {[%clk 0:12:56]} b4 {[%clk 0:29:43]} 33. Nb5
{[%clk 0:12:28]} Rb8 {[%clk 0:29:20]} 34. Red1 {[%clk 0:09:27]} Nd5
{[%clk 0:24:02]} 35. Rd4 {[%clk 0:06:27]} g5 {[%clk 0:19:19]} 36. fxg5
{[%clk 0:05:05]} Bxe5 {[%clk 0:18:59]} 37. Rxc4 {[%clk 0:03:13]} Ba6
{[%clk 0:13:39]} 38. Rc5 {[%clk 0:02:32]} Rxb5 {[%clk 0:13:29]} 39. Rxb5
{[%clk 0:02:45]} Bxb5 {[%clk 0:13:57]} 40. gxh6 {[%clk 0:02:28]} f6
{[%clk 0:11:50]} 41. Ra1 {[%clk 0:22:00]} Bd3 {[%clk 0:35:27]} 42. Rd1
{[%clk 0:22:16]} Bc4 {[%clk 0:32:06]} 43. Rc1 {[%clk 0:22:06]} Nb6
{[%clk 0:31:52]} 44. b3 {[%clk 0:19:22]} Bd5 {[%clk 0:31:38]} 45. Nf5
{[%clk 0:14:29]} Bxb3 {[%clk 0:27:22]} 46. Rc6 {[%clk 0:14:53]} Nd7
{[%clk 0:26:24]} 47. Rc8+ {[%clk 0:12:43]} Kf7 {[%clk 0:26:50]} 48. Rd8
{[%clk 0:09:30]} Be6 {[%clk 0:25:22]} 49. Ng7 {[%clk 0:09:17]} b3
{[%clk 0:25:15]} 50. Nxe6 {[%clk 0:09:39]} Kxe6 {[%clk 0:25:20]} 0-1

[Event "MARIENBAD OPEN 2020 - A, B - closed tournaments"]
[Site "?"]
[Date "2020.01.24"]
[Round "8"]
[White "Kolbus, Dietmar"]
[Black "Granovskiy, Alexandr"]
[Result "1/2-1/2"]
[BlackElo "2258"]
[WhiteElo "2294"]
[LiveChessVersion "1.4.8"]

1. c4 {[%clk 1:30:56]} e6 {[%clk 1:30:50]} 2. Nf3 {[%clk 1:30:54]} d5
{[%clk 1:31:09]} 3. d4 {[%clk 1:28:28]} Nf6 {[%clk 1:29:50]} 4. Nc3
{[%clk 1:28:15]} Bb4 {[%clk 1:30:06]} 5. cxd5 {[%clk 1:26:49]} exd5
{[%clk 1:30:25]} 6. Bg5 {[%clk 1:26:20]} h6 {[%clk 1:30:10]} 7. Bxf6
{[%clk 1:26:06]} Qxf6 {[%clk 1:27:18]} 8. Rc1 {[%clk 1:24:10]} O-O
{[%clk 1:20:44]} 9. a3 {[%clk 1:24:27]} Bxc3+ {[%clk 1:20:58]} 10. Rxc3
{[%clk 1:24:51]} c6 {[%clk 1:20:24]} 11. e3 {[%clk 1:23:52]} Bf5 {[%clk 1:15:28]}
12. Bd3 {[%clk 1:14:41]} Bxd3 {[%clk 1:12:56]} 13. Qxd3 {[%clk 1:14:53]} Nd7
{[%clk 1:13:09]} 14. O-O {[%clk 1:15:06]} Nb6 {[%clk 1:10:02]} 15. Ne5
{[%clk 1:12:35]} Qe6 {[%clk 1:05:52]} 16. b3 {[%clk 1:05:27]} Nc8
{[%clk 1:05:09]} 17. Rc2 {[%clk 1:03:51]} Nd6 {[%clk 1:05:10]} 18. Rfc1
{[%clk 0:54:58]} Rfe8 {[%clk 1:03:59]} 19. Kf1 {[%clk 0:51:59]} Ne4
{[%clk 0:58:11]} 20. Kg1 {[%clk 0:51:07]} Rad8 {[%clk 0:57:41]} 21. a4
{[%clk 0:44:54]} Qe7 {[%clk 0:54:06]} 22. Ra2 {[%clk 0:40:10]} Nd6
{[%clk 0:50:40]} 23. Rac2 {[%clk 0:39:02]} f6 {[%clk 0:41:29]} 24. Nf3
{[%clk 0:37:21]} Qf7 {[%clk 0:41:04]} 25. Re2 {[%clk 0:32:48]} Qh5
{[%clk 0:39:10]} 26. Nd2 {[%clk 0:30:47]} Re7 {[%clk 0:38:41]} 27. Rce1
{[%clk 0:29:10]} Rde8 {[%clk 0:38:54]} 28. Nf1 {[%clk 0:26:01]} Qf5
{[%clk 0:37:46]} 29. Qxf5 {[%clk 0:24:34]} Nxf5 {[%clk 0:38:14]} 30. Rd1
{[%clk 0:23:43]} Kf7 {[%clk 0:37:58]} 31. Rc2 {[%clk 0:23:21]} g5
{[%clk 0:37:04]} 32. g4 {[%clk 0:16:29]} Nd6 {[%clk 0:32:22]} 33. Ng3
{[%clk 0:16:53]} Kg6 {[%clk 0:32:21]} 34. Kg2 {[%clk 0:15:05]} Rf7
{[%clk 0:28:52]} 35. h3 {[%clk 0:14:42]} a5 {[%clk 0:24:10]} 36. Rc5
{[%clk 0:12:59]} Ra8 {[%clk 0:22:43]} 37. Rd3 {[%clk 0:10:57]} f5
{[%clk 0:18:33]} 38. gxf5+ {[%clk 0:10:09]} Nxf5 {[%clk 0:18:53]} 39. Nxf5
{[%clk 0:10:23]} Rxf5 {[%clk 0:19:15]} 40. Rd2 {[%clk 0:10:03]} Kf6
{[%clk 0:15:38]} 41. Re2 {[%clk 0:09:40]} h5 {[%clk 0:07:58]} 42. Re1
{[%clk 0:08:44]} Kg6 {[%clk 0:06:37]} 43. Re2 {[%clk 0:08:39]} Rf6
{[%clk 0:00:48]} 44. Rb2 {[%clk 0:30:15]} Rf7 {[%clk 0:21:03]} 45. Re2
{[%clk 0:27:24]} Re7 {[%clk 0:20:50]} 46. Rb2 {[%clk 0:27:06]} Kh6
{[%clk 0:20:14]} 47. Re2 {[%clk 0:25:54]} g4 {[%clk 0:19:06]} 48. hxg4
{[%clk 0:25:44]} Rg8 {[%clk 0:18:27]} 49. f3 {[%clk 0:16:58]} hxg4
{[%clk 0:18:27]} 50. fxg4 {[%clk 0:17:07]} Rxg4+ {[%clk 0:18:20]} 51. Kf2
{[%clk 0:17:21]} Reg7 {[%clk 0:11:13]} 52. Ke1 {[%clk 0:16:36]} Rg1+
{[%clk 0:10:46]} 53. Kd2 {[%clk 0:17:01]} R7g2 {[%clk 0:10:53]} 54. Rxg2
{[%clk 0:12:58]} Rxg2+ {[%clk 0:10:59]} 55. Kc3 {[%clk 0:12:17]} Re2
{[%clk 0:10:48]} 56. Kd3 {[%clk 0:08:31]} Rb2 {[%clk 0:11:03]} 57. Kc3
{[%clk 0:08:54]} 1/2-1/2

[Event "MARIENBAD OPEN 2020 - A, B - closed tournaments"]
[Site "?"]
[Date "2020.01.25"]
[Round "9"]
[White "Kovalev, Andrei"]
[Black "Siddharth, Jagadeesh"]
[Result "1-0"]
[BlackElo "2301"]
[WhiteElo "2489"]
[LiveChessVersion "1.4.8"]

1. e4 {[%clk 1:23:49]} c6 {[%clk 1:30:54]} 2. d4 {[%clk 1:24:06]} d5
{[%clk 1:31:16]} 3. Nd2 {[%clk 1:24:16]} dxe4 {[%clk 1:31:39]} 4. Nxe4
{[%clk 1:24:40]} Nf6 {[%clk 1:32:03]} 5. Nxf6+ {[%clk 1:24:59]} exf6
{[%clk 1:32:27]} 6. c3 {[%clk 1:25:24]} Bd6 {[%clk 1:32:48]} 7. Bd3
{[%clk 1:25:49]} O-O {[%clk 1:33:10]} 8. Ne2 {[%clk 1:25:37]} Re8
{[%clk 1:33:34]} 9. Qc2 {[%clk 1:25:41]} h5 {[%clk 1:33:57]} 10. O-O
{[%clk 1:25:59]} h4 {[%clk 1:34:23]} 11. Bf4 {[%clk 1:26:03]} Rxe2
{[%clk 1:34:31]} 12. Qxe2 {[%clk 1:26:23]} Bxf4 {[%clk 1:34:55]} 13. Qe4
{[%clk 1:26:51]} g5 {[%clk 1:22:10]} 14. Qh7+ {[%clk 1:21:14]} Kf8
{[%clk 1:22:39]} 15. Rae1 {[%clk 1:12:18]} Be6 {[%clk 1:20:39]} 16. g3
{[%clk 1:08:49]} Bc7 {[%clk 1:11:56]} 17. Bc4 {[%clk 1:08:15]} Qd7
{[%clk 1:09:33]} 18. Re3 {[%clk 1:03:34]} b5 {[%clk 0:51:39]} 19. Bb3
{[%clk 1:02:27]} a5 {[%clk 0:50:28]} 20. Rfe1 {[%clk 1:02:09]} Ra6
{[%clk 0:50:33]} 21. Qh8+ {[%clk 1:01:49]} Ke7 {[%clk 0:51:03]} 22. Bxe6
{[%clk 1:02:01]} fxe6 {[%clk 0:51:31]} 23. Rxe6+ {[%clk 1:02:21]} Qxe6
{[%clk 0:51:46]} 24. Qg7+ 1-0

[Event "MARIENBAD OPEN 2020 - A, B - closed tournaments"]
[Site "?"]
[Date "2020.01.25"]
[Round "9"]
[White "Baenziger, Fabian"]
[Black "Swicarz, Maciej"]
[Result "1-0"]
[BlackElo "2357"]
[WhiteElo "2412"]
[LiveChessVersion "1.4.8"]

1. d4 {[%clk 1:30:54]} d5 {[%clk 1:30:55]} 2. c4 {[%clk 1:30:58]} c6
{[%clk 1:31:18]} 3. Nc3 {[%clk 1:31:02]} Nf6 {[%clk 1:31:44]} 4. e3
{[%clk 1:30:56]} e6 {[%clk 1:31:54]} 5. Nf3 {[%clk 1:30:57]} Nbd7
{[%clk 1:32:13]} 6. Qc2 {[%clk 1:31:02]} Bd6 {[%clk 1:32:27]} 7. Bd3
{[%clk 1:30:38]} O-O {[%clk 1:32:01]} 8. O-O {[%clk 1:30:50]} dxc4
{[%clk 1:32:13]} 9. Bxc4 {[%clk 1:31:14]} b5 {[%clk 1:32:35]} 10. Be2
{[%clk 1:30:51]} Bb7 {[%clk 1:32:56]} 11. e4 {[%clk 1:31:06]} e5 {[%clk 1:31:55]}
12. dxe5 {[%clk 1:31:05]} Nxe5 {[%clk 1:32:03]} 13. Nd4 {[%clk 1:31:09]} Neg4
{[%clk 1:25:02]} 14. g3 {[%clk 1:31:11]} Bxg3 {[%clk 1:22:39]} 15. hxg3
{[%clk 1:31:26]} Qxd4 {[%clk 1:23:01]} 16. Qd1 {[%clk 1:31:46]} Qxd1
{[%clk 1:22:14]} 17. Rxd1 {[%clk 1:32:09]} a6 {[%clk 1:16:29]} 18. Bf4
{[%clk 1:03:26]} Rfe8 {[%clk 1:11:02]} 19. f3 {[%clk 1:02:47]} Ne5
{[%clk 1:11:03]} 20. b4 {[%clk 0:57:14]} a5 {[%clk 1:06:24]} 21. a3
{[%clk 0:57:31]} h6 {[%clk 0:54:15]} 22. Kf2 {[%clk 0:54:27]} Bc8
{[%clk 0:43:47]} 23. Rac1 {[%clk 0:40:41]} axb4 {[%clk 0:39:24]} 24. axb4
{[%clk 0:40:59]} Nfd7 {[%clk 0:31:11]} 25. Rd6 {[%clk 0:39:39]} Bb7
{[%clk 0:26:15]} 26. Be3 {[%clk 0:32:53]} Nb8 {[%clk 0:22:56]} 27. f4
{[%clk 0:29:33]} Ned7 {[%clk 0:20:08]} 28. e5 {[%clk 0:23:55]} Nf8
{[%clk 0:19:57]} 29. Ne4 {[%clk 0:18:45]} Ra2 {[%clk 0:18:23]} 30. Rd2
{[%clk 0:17:58]} Rxd2 {[%clk 0:17:46]} 31. Bxd2 {[%clk 0:18:22]} Ne6
{[%clk 0:16:23]} 32. Be3 {[%clk 0:13:38]} Rd8 {[%clk 0:11:47]} 33. Nd6
{[%clk 0:13:23]} Ba8 {[%clk 0:11:41]} 34. Ra1 {[%clk 0:09:30]} Nd7
{[%clk 0:12:08]} 35. Ra7 {[%clk 0:09:55]} Nef8 {[%clk 0:03:40]} 36. Bd1
{[%clk 0:09:36]} c5 {[%clk 0:01:58]} 37. bxc5 {[%clk 0:10:00]} Bd5
{[%clk 0:01:51]} 38. Bf3 {[%clk 0:05:50]} Bxf3 {[%clk 0:00:45]} 39. Kxf3
{[%clk 0:06:15]} Ng6 {[%clk 0:00:59]} 40. Nxb5 {[%clk 0:05:06]} Ne7
{[%clk 0:00:37]} 41. Nd4 {[%clk 0:02:26]} Kf8 {[%clk 0:23:22]} 42. c6
{[%clk 0:31:15]} Nb6 {[%clk 0:20:47]} 43. Rxe7 {[%clk 0:30:18]} Kxe7
{[%clk 0:20:51]} 44. Nf5+ {[%clk 0:30:44]} Ke6 {[%clk 0:20:50]} 45. Bxb6
{[%clk 0:30:55]} Rc8 {[%clk 0:20:15]} 46. Ke4 {[%clk 0:31:19]} 1-0

[Event "MARIENBAD OPEN 2020 - A, B - closed tournaments"]
[Site "?"]
[Date "2020.01.25"]
[Round "9"]
[White "Gorbatov, Alexej"]
[Black "Tancsa, Tamas"]
[Result "1/2-1/2"]
[BlackElo "2193"]
[WhiteElo "2355"]
[LiveChessVersion "1.4.8"]

1. d4 {[%clk 1:30:58]} Nf6 {[%clk 1:30:49]} 2. Nc3 {[%clk 1:31:19]} d5
{[%clk 1:31:13]} 3. Bf4 {[%clk 1:31:43]} c5 {[%clk 1:31:25]} 4. e3
{[%clk 1:32:03]} cxd4 {[%clk 1:31:51]} 5. exd4 {[%clk 1:31:30]} a6
{[%clk 1:32:16]} 6. Bd3 {[%clk 1:30:55]} Nc6 {[%clk 1:32:33]} 7. Nge2
{[%clk 1:30:10]} g6 {[%clk 1:32:01]} 8. a3 {[%clk 1:27:29]} Bg7 {[%clk 1:31:09]}
9. Qd2 {[%clk 1:26:02]} O-O {[%clk 1:22:57]} 10. Bh6 {[%clk 1:23:14]} Re8
{[%clk 1:09:11]} 11. Bxg7 {[%clk 1:23:21]} Kxg7 {[%clk 1:09:40]} 12. O-O
{[%clk 1:22:51]} Qd6 {[%clk 1:08:48]} 13. Rad1 {[%clk 1:20:42]} b5
{[%clk 1:03:29]} 14. Qf4 {[%clk 1:12:03]} Qxf4 {[%clk 0:56:34]} 15. Nxf4
{[%clk 1:12:21]} Rd8 {[%clk 0:56:12]} 16. Nfe2 {[%clk 1:06:46]} Bf5
{[%clk 0:54:56]} 17. Bxf5 {[%clk 1:06:48]} gxf5 {[%clk 0:55:21]} 18. Nf4
{[%clk 1:06:37]} e6 {[%clk 0:55:28]} 19. Nce2 {[%clk 1:06:50]} Na5
{[%clk 0:54:01]} 20. Nd3 {[%clk 1:03:37]} Rac8 {[%clk 0:44:38]} 21. c3
{[%clk 1:03:31]} Nc4 {[%clk 0:43:56]} 22. Rfe1 {[%clk 0:59:49]} Rc6
{[%clk 0:36:53]} 1/2-1/2

[Event "MARIENBAD OPEN 2020 - A, B - closed tournaments"]
[Site "?"]
[Date "2020.01.25"]
[Round "9"]
[White "Nguyen, Alex Dac-Vuong"]
[Black "Hilwerda, Jonas"]
[Result "1-0"]
[BlackElo "2230"]
[WhiteElo "2401"]
[LiveChessVersion "1.4.8"]

1. e4 {[%clk 1:30:56]} c5 {[%clk 1:30:39]} 2. Nf3 {[%clk 1:31:20]} e6
{[%clk 1:30:53]} 3. d4 {[%clk 1:31:45]} cxd4 {[%clk 1:31:19]} 4. Nxd4
{[%clk 1:32:10]} Nf6 {[%clk 1:31:44]} 5. Nc3 {[%clk 1:32:31]} Nc6
{[%clk 1:32:10]} 6. Ndb5 {[%clk 1:32:54]} d6 {[%clk 1:32:32]} 7. Bf4
{[%clk 1:33:16]} e5 {[%clk 1:33:00]} 8. Bg5 {[%clk 1:33:39]} a6 {[%clk 1:33:27]}
9. Na3 {[%clk 1:34:04]} Be6 {[%clk 1:33:56]} 10. Nc4 {[%clk 1:16:49]} Rb8
{[%clk 1:34:25]} 11. a4 {[%clk 1:09:15]} Nd4 {[%clk 1:20:23]} 12. Ne3
{[%clk 1:07:13]} Qa5 {[%clk 1:17:48]} 13. Bd3 {[%clk 1:04:29]} Nd7
{[%clk 1:10:20]} 14. Rb1 {[%clk 1:00:24]} f6 {[%clk 1:08:36]} 15. Bh4
{[%clk 0:57:02]} g5 {[%clk 1:08:19]} 16. Bg3 {[%clk 0:53:57]} h5 {[%clk 1:08:47]}
17. f3 {[%clk 0:53:41]} Qd8 {[%clk 1:03:42]} 18. Ncd5 {[%clk 0:50:07]} Nb6
{[%clk 1:02:29]} 19. c3 {[%clk 0:50:10]} Nc6 {[%clk 1:02:35]} 20. h4
{[%clk 0:43:53]} Bg7 {[%clk 0:57:47]} 21. Qb3 {[%clk 0:42:28]} Bxd5
{[%clk 0:54:48]} 22. exd5 {[%clk 0:42:41]} Ne7 {[%clk 0:55:08]} 23. Nf5
{[%clk 0:41:04]} Bf8 {[%clk 0:49:47]} 24. Nxe7 {[%clk 0:39:29]} Kxe7
{[%clk 0:49:39]} 25. hxg5 {[%clk 0:37:43]} fxg5 {[%clk 0:50:08]} 26. Bg6
{[%clk 0:36:43]} h4 {[%clk 0:50:32]} 27. Bf2 {[%clk 0:37:09]} Nd7
{[%clk 0:50:44]} 28. Ba7 {[%clk 0:37:15]} Rc8 {[%clk 0:50:49]} 29. Be3
{[%clk 0:37:37]} Bh6 {[%clk 0:50:39]} 30. Qxb7 {[%clk 0:27:19]} Qa5
{[%clk 0:49:58]} 31. Bd3 {[%clk 0:25:31]} Ra8 {[%clk 0:48:00]} 32. Bf5
{[%clk 0:22:33]} Qxa4 {[%clk 0:47:46]} 33. Qc6 {[%clk 0:20:43]} Qxc6
{[%clk 0:40:58]} 34. dxc6 {[%clk 0:21:07]} Nf6 {[%clk 0:36:41]} 35. c4
{[%clk 0:16:52]} a5 {[%clk 0:36:03]} 36. c7 {[%clk 0:13:20]} Nd7 {[%clk 0:35:43]}
37. c5 {[%clk 0:13:40]} d5 {[%clk 0:34:05]} 38. c6 {[%clk 0:13:58]} Nf6
{[%clk 0:34:29]} 39. Bc5+ {[%clk 0:14:07]} Kf7 {[%clk 0:34:57]} 40. Bd6
{[%clk 0:12:04]} Bg7 {[%clk 0:34:17]} 41. Kd2 {[%clk 0:09:10]} Ne8
{[%clk 0:31:55]} 42. Bxe5 {[%clk 0:08:16]} Bxe5 {[%clk 0:31:58]} 43. c8=Q
{[%clk 0:08:40]} Rxc8 {[%clk 0:32:22]} 44. Bxc8 {[%clk 0:09:07]} Ke7
{[%clk 0:30:34]} 45. Kd3 {[%clk 0:04:42]} Nc7 {[%clk 0:27:13]} 46. Bd7
{[%clk 0:04:48]} Na6 {[%clk 0:26:37]} 47. Rhe1 {[%clk 0:27:28]} Kd6
{[%clk 0:48:55]} 48. Re2 {[%clk 0:21:39]} Rb8 {[%clk 0:32:30]} 49. Kc2
{[%clk 0:18:21]} Rb4 {[%clk 0:19:30]} 50. b3 {[%clk 0:17:47]} Rb6
{[%clk 0:14:34]} 51. Rbe1 {[%clk 0:15:12]} Nb4+ {[%clk 0:12:33]} 52. Kb1
{[%clk 0:15:12]} Bc3 {[%clk 0:07:47]} 53. Re6+ {[%clk 0:11:07]} Kc7
{[%clk 0:08:16]} 54. R1e2 {[%clk 0:06:38]} d4 {[%clk 0:08:45]} 55. Re8
{[%clk 0:06:59]} d3 {[%clk 0:00:44]} 56. Rc8+ {[%clk 0:07:26]} Kd6
{[%clk 0:01:13]} 57. Re6+ Kc5 58. Rd8 {[%clk 0:06:45]} Nd5 {[%clk 0:01:26]} 59.
c7 {[%clk 0:04:59]} Rxb3+ {[%clk 0:00:56]} 60. Ka2 {[%clk 0:05:27]} Rb2+
{[%clk 0:00:55]} 61. Ka3 {[%clk 0:05:51]} Nxc7 {[%clk 0:01:01]} 62. Rc6+
{[%clk 0:06:04]} Kd4 {[%clk 0:00:57]} 63. Be6+ {[%clk 0:05:08]} Ke5
{[%clk 0:00:41]} 64. Rxc7 {[%clk 0:04:15]} Kxe6 {[%clk 0:00:51]} 65. Rxc3
{[%clk 0:04:39]} Rxg2 {[%clk 0:01:19]} 66. Rcxd3 {[%clk 0:04:13]} h3
{[%clk 0:01:13]} 67. Rh8 {[%clk 0:02:20]} Rg3 {[%clk 0:01:36]} 68. Rb3
{[%clk 0:02:15]} Ke5 {[%clk 0:01:51]} 69. Ka4 {[%clk 0:02:26]} Kf4
{[%clk 0:01:46]} 70. Rf8+ {[%clk 0:02:48]} Ke5 {[%clk 0:02:14]} 71. Kxa5
{[%clk 0:01:31]} h2 {[%clk 0:02:43]} 72. Rh8 {[%clk 0:01:56]} Rg2
{[%clk 0:03:12]} 73. Rh3 {[%clk 0:01:48]} Kf4 {[%clk 0:03:23]} 74. Rb4+
{[%clk 0:02:14]} Kf5 {[%clk 0:02:34]} 75. Kb5 {[%clk 0:02:36]} Rg3
{[%clk 0:02:38]} 76. Rxh2 {[%clk 0:03:02]} Rxf3 {[%clk 0:03:07]} 77. Rg2
{[%clk 0:03:01]} Rf4 {[%clk 0:02:59]} 78. Rxf4+ {[%clk 0:03:06]} gxf4
{[%clk 0:02:46]} 79. Kc4 {[%clk 0:03:17]} Ke4 {[%clk 0:03:15]} 80. Re2+
{[%clk 0:03:35]} Kf3 {[%clk 0:03:44]} 81. Kd3 {[%clk 0:03:59]} Kg3
{[%clk 0:04:13]} 82. Ke4 {[%clk 0:04:23]} f3 {[%clk 0:04:29]} 83. Re3
{[%clk 0:04:48]} 1-0